01350nam a2200313 i 4500003000900000005001700009007000300026008004100029020001800070040003000088082001400118100005000132245008100182250004000263264003900303300002900342336002700371337003400398338002800432500007100460504003100531590002700562910001400589942001400603952013000617952013600747952013600883999001701019DO-SdBNP20240821141955.0ta240821s2024 dr 000 0 spa d a9789945654424 aDO-SdBNPbspacBNPHUerda bG216b222 aGarcía Bidó, Rafael,d1953-953387eautor10aBohío :bindagaciones en nuestra herencia taina /cRafael García Bidó  a2a. edición aumentada y corregida 1aSanto Domingo :bSantuario,c2024. a189 páginas, c24 cm. 2rdacontentatextobtxt 2rdamediaasin mediación bn 2rdacarrieravolumenbnc aIncluye datos biográficos del autor en la solapa de la portada.  aBibliografía p: 183-189. aInventariado, 2024/ YL aYLockward 2ddccLBS1 00102ddc51708PDaBNPHUbBNPHUcCTd2024-08-05eDeposito Legall0oBNPHU PD G216bp2024-5023r2024-08-21w2024-08-21yLBS1 00102ddc51708PDaBNPHUbBNPHUcCTd2024-08-05eDeposito Legall0oBNPHU PD G216bp2024-5024r2024-08-21te. 2w2024-08-21yLBS1 00102ddc56708DSaBNPHUbBNPHUcCTd2024-08-05eDeposito Legall0oBNPHU DS G216bp2024-5025r2024-08-21te. 3w2024-08-21yLBS1 c57518d57518